000 01237cam a2200241 4500
001 ABS62956
008 000000n2000 000 0 eng u
035 _a(Sirsi) u108892
100 _aCooper, S.
245 _aBurning Issues
260 _c2000
490 _aArchitects' Journal
_v12(212) 5 October 2000, 46-49(4)
520 _aProvides an overview of where to seek consultation on fire safety issues during the course of a construction project. Clarifies the differing responsibilities of the various consultative bodies. For instance, during the building consultation process all matters relating to compliance with the requirements of the Building Regulations should be addessed by the building control department of the local authority. Once a building is occupied responsibility for enforcing the requirements of the various pieces of fire safety legislation resides with the local fire authority.
590 _aABS
650 _aARCHITECTS
650 _aFIRE AUTHORITIES
650 _aBUILDING CONTROL AUTHORITIES
650 _aMANAGEMENT-HEALTH AND SAFETY-FIRE SAFETY
650 _aBUILDING REGULATIONS
_96224
650 _aCONSTRUCTION PROCESS
690 _aBUILT ENVIRONMENT-BUILDING STANDARDS
942 _n0
999 _c65010
_d65010